Dandingo - Statistics

General Stats
  • This quiz has been taken 14 times
  • The average score is 13 of 15
Answer Stats
Hint only possible answer % Correct
most likely to be living at home at 30 josh
100%
who is the laziest miles
100%
biggest smoker scarlet
100%
best rig dan
90%
grew up in the best area eddie
90%
likes manchester least josh
90%
worst dj micah
90%
funniest miles
90%
smelliest miles
90%
biggest princess and schweff ruby
90%
has the most chaotic good energy ella
80%
most likely to get a first in their degree lily
80%
most useless degree lulu
80%
likes manchester most micah
80%
best at sex vlad
70%
No matching quizzes found
Score Distribution
Percent of People with Each Score
Percentile by Number Answered
Your Score History
You have not taken this quiz